000 00660nam a22001817a 4500
008 250211b |||||||| |||| 00| 0 eng d
020 _a9966854940
040 _aKABU
_cKABU
050 _aLB1051
_b.E87 2014
245 _aEssentials of instruction:
_ba handbook for school teachers /
_cedited by Marcella Mwaka, Violet Kafwa Nabwire & Josephine Musamas
260 _aEldoret, Kenya:
_bMoi University Press
_c2014
300 _axiii, 346p.
_bIncludes bibliographical references
650 _aTeaching
_xInstruction
700 _aMwaka, Marcella
_eEditor.
700 _aNabwire, Violet Kafwa
_eEditor.
700 _aMusamas, Josephine
_eEditor.
942 _2lcc
_cBK
999 _c20649
_d20648